000 00735nam a2200301Ia 4500
008 171120s9999 xx 000 0 und d
020 _a9.7881319136e+012
050 _a909
050 _bP376 2012
100 _aPegasus.
245 _aWorld history :
245 _bancient civilizations and empires /
245 _cby Pegasus.
260 _aNew Delhi :
260 _bPegasus,
260 _c2012
300 _a31 pages :
300 _bcolor illustrations ;
300 _c28cm.
440 _aPegasus encyclopedia library.
500 _aIncludes index.
650 _aCivilization --
650 _aHistory, Ancient.
650 _aWorld history.
650 _xHistory.
700 _aSeries.
700 _aTitle.
999 _c345211
_d345211